[Event "Madrid Villaverde op 16th"]
[Site "Madrid"]
[Date "2011.11.14"]
[Round "1"]
[White "Gongora Montes, Benjamin"]
[Black "Garcia Martinez, Jose Luis"]
[Result "1-0"]
[WhiteElo "2217"]
[BlackElo "1815"]
[PlyCount "49"]
[EventDate "2011.11.14"]
[EventType "swiss"]
[EventRounds "8"]
[EventCountry "ESP"]
[SourceTitle "EXT 2013"]
[Source "ChessBase"]
[SourceDate "2012.11.22"]
[SourceVersion "1"]
[SourceVersionDate "2012.11.22"]
[SourceQuality "1"]

1. e4 e6 2. d3 d5 3. Nd2 c5 4. Ngf3 Nc6 5. g3 Nf6 6. Bg2 Bd6 7. 0-0 0-0 8. Re1 Qc7 9. Qe2 Nd7 10. Nf1 d4 11. Nh4 e5 12. Nf5 Nf6 13. Bg5 Be7 14. f4 b5 15. Nd2 Re8 16. a4 Ba6 17. axb5 Bxb5 18. Rf1 Qd8 19. Nf3 exf4 20. gxf4 Nd7 21. Qf2 Bxg5 22. Nxg5 Qf6 23. Qg3 Kh8 24. Nd6 Reb8 25. e5 1-0